| 000 | 00605nam a2200193Ia 4500 | ||
|---|---|---|---|
| 003 | GCL | ||
| 008 | 140319s9999 xx 000 0 ara d | ||
| 040 |
_aGCL / _cGCL |
||
| 082 | 0 | 4 |
_a306 _bع غ |
| 100 | 1 | _aعبدالوهاب زيتون | |
| 245 | 1 | 0 |
_aالغزو الثقافى عوامله وأشكاله / _cعبدالوهاب زيتون |
| 250 | _aالاولى | ||
| 260 |
_aبيروت : _bالمنارة ، _c1995 |
||
| 300 |
_a128 ص ؛ _c25 سم |
||
| 650 | 0 | 4 | _aالثقافة |
| 650 | 0 | 4 | _aالثقافة العربية |
| 650 | 0 | 4 | _aالاتفاقيات الثقافية |
| 942 |
_2ddc _cBK |
||
| 999 |
_c44148 _d44148 |
||